El significado de la muerte de Jesús según la teología de la liberación (Registro nro. 51174)
[ vista simple ]
| 000 -LÍDER | |
|---|---|
| Campo fijo de descripción fija | 01154cab a2200241 i 4500 |
| 001 - NÚMERO DE CONTROL | |
| Campo de control | 768714001 |
| 003 - IDENTIFICADOR DEL NÚMERO DE CONTROL | |
| Campo de control | CO-MdFUSB |
| 005 - FECHA Y HORA DE LA ULTIMA TRANSACCIÓN | |
| control field | 20230111084651.0 |
| 008 - ELEMENTOS DE LONGITUD FIJA -- INFORMACIÓN GENERAL | |
| Campo fijo de descripción fija -- Información general | 180614b1993 gt ||||| |||| 00| 0 spa d |
| 022 ## - NÚMERO INTERNACIONAL NORMALIZADO PARA PUBLICACIONES SERIADAS | |
| Número Internacional Normalizado para Publicaciones Seriadas | 1014-9341 |
| 040 ## - FUENTE DE CATALOGACIÓN | |
| Agencia Catalogadora | CO-MdFUSB |
| Idioma de catalogación | spa |
| Agencia que realiza la transcripción | CO-MdFUSB |
| Agencia que realiza la modificación | CO-MdFUSB |
| 041 ## - CÓDIGO DE IDIOMA | |
| Código de idioma para texto/pista de sonido o título separado | spa |
| 100 1# - ASIENTO PRINCIPAL--NOMBRE PERSONAL | |
| Nombre personal | Alfaro, Gerardo A. |
| Término relacionador | autor |
| 245 03 - TÍTULO | |
| Título | El significado de la muerte de Jesús según la teología de la liberación |
| Mención de responsabilidad | / Gerardo A. Alfaro |
| 300 ## - DESCRIPCIÓN FÍSICA | |
| Extensión | Número 12 (Enero - Junio, 1993), páginas 43-62 |
| Dimensiones | ; 22 cm |
| 520 ## - NOTA DE RESUMEN, ETC. | |
| Nota de sumario, etc. | En este artículo se presenta un resumen de la interpretación que la teología de la liberación hace de la muerte de Cristo con el fin de conocer cuáles elementos de esa interpretación son válidas y cuáles no. Se incluye una evaluación desde la perspectiva evangélica. |
| 600 ## - PUNTO DE ACCESO ADICIONAL DE MATERIA - NOMBRE DE PERSONA | |
| Subdivisión cronológica | Jesucristo -- Pasión. |
| 650 #0 - ASIENTO SECUNDARIO DE MATERIA - TERMINO TEMÁTICO | |
| 9 (RLIN) | 504 |
| Término temático o nombre geográfico como elemento de entrada | Teología postmoderna |
| 650 #7 - ASIENTO SECUNDARIO DE MATERIA - TERMINO TEMÁTICO | |
| 9 (RLIN) | 449 |
| Término temático o nombre geográfico como elemento de entrada | Teología de la liberación |
| 773 0# - ASIENTO DE ITEM FUENTE | |
| Título | Kairós |
| Biblionumber | 49489 |
| Itemnumber | 61206 |
| Parte(s) relacionada(s) / Volumen., número. (mes año), páginas | Número 12 (Enero - Junio, 1993), páginas 43-62 |
| Enumeración y primera página | Página 43 |
| 773 0# - ASIENTO DE ITEM FUENTE | |
| Biblionumber | 49489 |
| Itemnumber | 81308 |
| Parte(s) relacionada(s) / Volumen., número. (mes año), páginas | Número 12 (Enero - Junio, 1993), páginas 43-62 |
| Enumeración y primera página | páginas 43 |
| Título | Kairós |
| 942 ## - TIPO DE MATERIAL (KOHA) | |
| Tipo de Item KOHA | Artículos de Revista |
No hay ítems disponibles.
